000 00692nam a2200217 a 4500
005 20210223130211.0
008 070611s1997 mx r 000 0 spa d
020 _a968880858X
035 _aUPN01000150450
049 _aCG
050 4 _aHD9980.5
_bL6.5 1997
100 1 _aLovelock, Christopher H.
245 1 0 _aMercadotecnia de servicios /
_cChristopher H. Lovelock ; tr. Guadalupe Meza Staines.
250 _a3a ed.
260 _aMéxico :
_bPearson Educación,
_c1997.
300 _axiv, 661 p. :
_bil.
534 _pTraducción de:
_tServices marketing
650 4 _aINDUSTRIAS DE SERVICIO -
_xMERCADOTECNIA
_96864
650 4 _aPROFESIONES -
_xMERCADOTECNIA
_96868
905 _aLibro
999 _c122591
_d122591